[Event "Trompovsky 30+3"]
[Site "SchemingMind.com"]
[Date "2006.09.16"]
[Round "-"]
[White "echecs"]
[Black "Mekk"]
[Result "0-1"]
[WhiteCountry "ENG"]
[BlackCountry "POL"]
[WhiteElo "1689"]
[WhiteRD "67"]
[BlackElo "1756"]
[BlackRD "77"]
[GameID "67699"]

1. d4 Nf6 2. Bg5 Ne4 3. Bf4 g5 4. f3 gxf4 5. fxe4 Bg7 6. Nf3 c5 7. c3 Qa5 8. Na3 cxd4 9. Nxd4 Nc6 10. Nac2 d6
11. Qd2 Nxd4 12. Nxd4 Bd7 13. a3 O-O-O 14. O-O-O h5 15. Qxf4 Bh6
0-1

[Event "Trompovsky 30+3"]
[Site "SchemingMind.com"]
[Date "2006.09.16"]
[Round "-"]
[White "Mekk"]
[Black "echecs"]
[Result "0-1"]
[WhiteCountry "POL"]
[BlackCountry "ENG"]
[WhiteElo "1727"]
[WhiteRD "68"]
[BlackElo "1718"]
[BlackRD "61"]
[GameID "67700"]

1. d4 Nf6 2. Bg5 e6 3. e4 Be7 4. Bd3 Nc6 5. Nf3 Ng4 6. Bxe7 Qxe7 7. h3 Nf6 8. Nbd2 Nh5 9. O-O Nf4 10. Nb3 O-O
11. e5 d6 12. Re1 dxe5 13. Nxe5 Nxe5 14. Rxe5 Bd7 15. Bf1 Bc6 16. Qg4 Ng6 17. Re3 f5 18. Qe2 Nf4 19. Qe1 Rae8 20. g3 Qg5
21. Kh2 Ng6 22. Rxe6 Rd8 23. c3 f4 24. Rd1 fxg3+ 25. fxg3 Qd5 26. Rxc6 Qxc6 27. Bg2 Qd6 28. Bxb7 Nh4 29. Nd2 c6 30. Bxc6 Qxc6
31. gxh4 Qd6+ 32. Kg2 Rde8 33. Qg1 Re2+ 34. Kh1 Rff2
0-1

[Event "Trompovsky 30+3"]
[Site "SchemingMind.com"]
[Date "2006.09.24"]
[Round "-"]
[White "AlbertoAveiro"]
[Black "Mekk"]
[Result "0-1"]
[WhiteCountry "POR"]
[BlackCountry "POL"]
[WhiteElo "1641"]
[WhiteRD "104"]
[BlackElo "1771"]
[BlackRD "62"]
[GameID "68844"]

1. d4 Nf6 2. Bg5 Ne4 3. Bf4 e6 4. f3 Bd6 5. Bxd6 Nxd6 6. Nc3 f5 7. e3 b6 8. Bd3 Bb7 9. Nh3 O-O 10. O-O Nf7
11. a3 c5 12. dxc5 bxc5 13. Na2 d5 14. c4 d4 15. Qe2 Nc6 16. b4 cxb4 17. axb4 Qf6 18. Rfd1 e5 19. e4 f4 20. Nf2 h5
21. Rdc1 Bc8 22. c5 a6 23. Qc2 Be6 24. Rcb1 Rfb8 25. Bc4 Kh8 26. Bxe6 Qxe6 27. Rb2 Ra7 28. Nd3 g5 29. Nac1 g4 30. fxg4 hxg4
31. Qf2 Qh6 32. Rba2 Nxb4 33. Nxb4 Rxb4 34. Rxa6 Rxa6 35. Rxa6 Qxa6 36. Qh4+ Qh6 37. Qxg4 Rb1 38. Qd1 f3 39. Qxf3 Rxc1+ 40. Kf2 Rc2+
41. Kg3 Rc3
0-1

[Event "Trompovsky 30+3"]
[Site "SchemingMind.com"]
[Date "2006.09.24"]
[Round "-"]
[White "AlbertoAveiro"]
[Black "echecs"]
[Result "0-1"]
[WhiteCountry "POR"]
[BlackCountry "ENG"]
[WhiteElo "1603"]
[WhiteRD "102"]
[BlackElo "1788"]
[BlackRD "58"]
[GameID "68845"]

1. d4 Nf6 2. Bg5 e6 3. Nf3 Be7 4. Nc3 d5 5. e3 O-O 6. Bd3 Nbd7 7. O-O c5 8. dxc5 Bxc5 9. a3 Qc7 10. Nb5 Qb6
11. b3 a6 12. Nc3 Bd6 13. Qd2 Qc7 14. Bh4 Ng4 15. Bg3 Nge5 16. Nxe5 Nxe5 17. Rfd1 Bd7 18. Ne2 Rac8 19. Nd4 Ng4 20. Bxd6 Qxd6
21. Nf3 f5 22. h3 Nf6 23. b4 Ne4 24. Bxe4 fxe4 25. Nh2 Qe5 26. Ng4 Qg5 27. Rac1 h5 28. Nh2 Rcd8 29. c3 Kh8 30. Rf1 e5
31. Kh1 Be6 32. Qb2 Rf6 33. Rcd1 Rg6 34. Rg1 Rf8 35. Qe2 Rf5 36. f3 Qg3 37. Rdf1 Rfg5 38. Qf2 Qxf2 39. Rxf2 Bxh3 40. fxe4 dxe4
41. Nf1 Bd7 42. Nd2 Rg4 43. Nf1 h4 44. Nh2 R4g5 45. c4 h3 46. c5 Rg3 47. Re2 Bb5 48. Rd2 Rxe3 49. gxh3 Rxg1+ 50. Kxg1 Rxa3
0-1

[Event "Trompovsky 30+3"]
[Site "SchemingMind.com"]
[Date "2006.09.24"]
[Round "-"]
[White "echecs"]
[Black "AlbertoAveiro"]
[Result "0-1"]
[WhiteCountry "ENG"]
[BlackCountry "POR"]
[WhiteElo "1795"]
[WhiteRD "57"]
[BlackElo "1700"]
[BlackRD "112"]
[GameID "68847"]

1. d4 Nf6 2. Bg5 Ne4 3. Bf4 d5 4. Nf3 Nc6 5. Nbd2 Nxd2 6. Qxd2 e6 7. e3 Bd6 8. Bg5 Be7 9. Bxe7 Qxe7 10. Bd3 O-O
11. h4 Bd7 12. h5 h6 13. O-O-O a5 14. a3 Rfb8 15. Rdg1 b5 16. g4 f6 17. Nh4 Be8 18. f4 b4 19. axb4 Nxb4 20. c3 Nxd3+
21. Qxd3 Rb3 22. Rh2 Rab8 23. Rgg2 a4 24. Rc2 a3 25. bxa3 Rxa3 26. Ra2 Rab3 27. Rhb2 Rxb2 28. Rxb2 Qa3 29. Qb1 Qxc3+
0-1

[Event "Trompovsky 30+3"]
[Site "SchemingMind.com"]
[Date "2006.09.27"]
[Round "-"]
[White "Mariazb"]
[Black "AlbertoAveiro"]
[Result "1-0"]
[WhiteCountry "ARG"]
[BlackCountry "POR"]
[WhiteElo "2128"]
[WhiteRD "81"]
[BlackElo "1658"]
[BlackRD "112"]
[GameID "69203"]

1. d4 Nf6 2. Bg5 Ne4 3. Bf4 d5 4. Nf3 c5 5. c3 e6 6. Nbd2 Nxd2 7. Qxd2 c4 8. e3 Nc6 9. b3 cxb3 10. axb3 Bd6
11. Bd3 Bxf4 12. exf4 O-O 13. O-O a6 14. Rfe1 b5 15. Bxb5 Bb7 16. Bd3 Qc7 17. f5 Qe7 18. Ng5 g6 19. fxe6 fxe6 20. Rxe6 Qc7
21. Nxh7 Kxh7 22. Rxg6 Kh8 23. Qh6+
1-0

[Event "Trompovsky 30+3"]
[Site "SchemingMind.com"]
[Date "2006.09.27"]
[Round "-"]
[White "Mariazb"]
[Black "echecs"]
[Result "1-0"]
[WhiteCountry "ARG"]
[BlackCountry "ENG"]
[WhiteElo "2083"]
[WhiteRD "86"]
[BlackElo "1718"]
[BlackRD "61"]
[GameID "69204"]

1. d4 Nf6 2. Bg5 e6 3. e4 Be7 4. Nc3 b6 5. Bxf6 Bxf6 6. Nf3 Bb7 7. e5 Be7 8. Bd3 Nc6 9. O-O d6 10. Qe2 Nb4
11. exd6 Bxd6 12. Be4 Ba6 13. Nb5 Rb8 14. a3 c6 15. axb4 Bxb5 16. c4 Bxc4 17. Bxc6+ Ke7 18. Qxc4 Rc8 19. Rxa7+ Kf8 20. Qb5 g6
21. Rd7
1-0

[Event "Trompovsky 30+3"]
[Site "SchemingMind.com"]
[Date "2006.09.27"]
[Round "-"]
[White "Mekk"]
[Black "Mariazb"]
[Result "0-1"]
[WhiteCountry "POL"]
[BlackCountry "ARG"]
[WhiteElo "1727"]
[WhiteRD "68"]
[BlackElo "2083"]
[BlackRD "86"]
[GameID "69205"]

1. d4 Nf6 2. Bg5 d5 3. Bxf6 gxf6 4. c4 dxc4 5. e3 Rg8 6. Nc3 Nc6 7. g3 Bg4 8. Qa4 e6 9. Qxc4 Nb4 10. Rc1 Qd7
11. Ne4 Be7 12. Qxc7 Nxa2 13. Qxd7+ Kxd7 14. Bb5+ Kd8 15. Ne2 Nxc1
0-1

[Event "Trompovsky 30+3"]
[Site "SchemingMind.com"]
[Date "2006.09.27"]
[Round "-"]
[White "AlbertoAveiro"]
[Black "Mariazb"]
[Result "0-1"]
[WhiteCountry "POR"]
[BlackCountry "ARG"]
[WhiteElo "1658"]
[WhiteRD "112"]
[BlackElo "2128"]
[BlackRD "81"]
[GameID "69206"]

1. d4 Nf6 2. Bg5 d6 3. Nf3 Nbd7 4. Nc3 h6 5. Bh4 g5 6. Bg3 Bg7 7. e3 Nb6 8. Bd3 O-O 9. a3 c6 10. O-O Nbd5
11. Nxd5 cxd5 12. c3 Qb6 13. Qc2 Bd7 14. Nd2 Nh5 15. f4 gxf4 16. exf4 e5 17. fxe5 Nxg3 18. hxg3 dxe5 19. Nb3 Ba4
0-1

[Event "Trompovsky 30+3"]
[Site "SchemingMind.com"]
[Date "2006.09.27"]
[Round "-"]
[White "echecs"]
[Black "Mariazb"]
[Result "0-1"]
[WhiteCountry "ENG"]
[BlackCountry "ARG"]
[WhiteElo "1718"]
[WhiteRD "61"]
[BlackElo "2083"]
[BlackRD "86"]
[GameID "69207"]

1. d4 Nf6 2. Bg5 e6 3. e4 h6 4. Bh4 c5 5. e5 g5 6. exf6 gxh4 7. Nf3 Qxf6 8. c3 d5 9. Nbd2 Be7 10. Qb3 c4
11. Qb5+ Nc6 12. Ne5 a6 13. Qa4 b5 14. Qc2 Nxe5 15. dxe5 Qxe5+ 16. Be2 Bc5 17. Nf3 Qf6 18. Rf1 e5 19. O-O-O Bf5 20. Qd2 O-O-O
21. h3 d4 22. Rde1 Be4 23. Bd1 dxc3 24. Qxc3 Qf4+ 25. Nd2 b4 26. Rxe4 bxc3 27. Rxf4 cxd2+ 28. Kc2 exf4
0-1

[Event "Trompovsky 30+3"]
[Site "SchemingMind.com"]
[Date "2006.09.27"]
[Round "-"]
[White "ansts"]
[Black "Mekk"]
[Result "0-1"]
[WhiteCountry "PHI"]
[BlackCountry "POL"]
[WhiteElo "1656"]
[WhiteRD "97"]
[BlackElo "1754"]
[BlackRD "65"]
[GameID "69217"]

1. d4 Nf6 2. Bg5 Ne4 3. Bd2 c5 4. d5 d6 5. Nc3 Nxd2 6. Qxd2 g6 7. e4 Bg7 8. O-O-O O-O 9. Be2 a6 10. h4 b5
11. h5 b4 12. Nb1 Qa5 13. Bc4 Nd7 14. hxg6 fxg6 15. f4 Nb6 16. Be2 Na4 17. Rf1 Nxb2 18. Nf3 Qxa2 19. c4 bxc3 20. Nxc3 Qa3
21. Qxb2 Qxc3+ 22. Qxc3 Bxc3 23. Kc2 Bg7 24. Rh2 h6 25. Nh4 Kh7 26. f5 g5 27. Ng6 Re8 28. Bd3 Bf6 29. Rfh1 Bg7 30. Rh5 Kg8
31. Bc4 Bd7 32. g4 Bb5 33. Ba2 Be2 34. Rg1 c4 35. Rg3 Bd3+ 36. Kd2 Rab8 37. Rxd3 cxd3 38. Kxd3 Kh7 39. Rh2 Rb2 40. Rxb2 Bxb2
41. Bb3 Kg7 42. Ba4 Rc8 43. Nxe7 Rc3+ 44. Kd2 Rg3 45. Bd1 a5 46. Nc8 Be5 47. Nb6 Kf7 48. Nc4 Ke7 49. Nxe5 dxe5 50. Be2 a4
51. Bc4 Rxg4 52. Kc3 Rxe4 53. Kb4 g4 54. Kc5 Rxc4+ 55. Kxc4 g3
0-1

[Event "Trompovsky 30+3"]
[Site "SchemingMind.com"]
[Date "2006.09.27"]
[Round "-"]
[White "ansts"]
[Black "AlbertoAveiro"]
[Result "0-1"]
[WhiteCountry "PHI"]
[BlackCountry "POR"]
[WhiteElo "1739"]
[WhiteRD "103"]
[BlackElo "1677"]
[BlackRD "101"]
[GameID "69218"]

1. d4 Nf6 2. Bg5 Ne4 3. Bd2 d5 4. e3 e6 5. Nf3 Bd6 6. Bd3 Nxd2 7. Qxd2 Nd7 8. O-O O-O 9. Qe2 Nf6 10. c4 dxc4
11. Bxc4 a6 12. Nc3 b5 13. Bb3 c5 14. e4 Be7 15. d5 exd5 16. Bxd5 Rb8 17. Rad1 Qc7 18. e5 Nxd5 19. Nxd5 Qb7 20. Rd2 Be6
21. Rfd1 Bxd5 22. Rxd5 Rfd8 23. Qe4 Rxd5 24. Rxd5 c4 25. e6 f6 26. Qd4 Qc6 27. Qe4 Re8 28. Nd4 Qa8 29. f3 Qc8 30. g3 Bc5
31. Kg2 Bxd4 32. Rxd4 Qxe6 33. Qb7 Re7 34. Qb8+ Re8 35. Rd8 Rxd8 36. Qxd8+ Kf7 37. Kf2 Kg6 38. h4 h5 39. Qd4 Kh7 40. Qe4+ Qxe4
41. fxe4 Kg6 42. Kf3 Kf7 43. Kf4 Ke6 44. a3 a5 45. g4 hxg4 46. Kxg4 g6 47. Kf4 b4 48. Ke3 Ke5 49. a4 c3 50. bxc3 bxc3
51. Kd3 c2 52. Kxc2 Kxe4 53. Kc3 f5 54. Kd2 Kf3 55. Kd3 f4 56. Kd2 Kf2 57. Kd1 f3 58. Kd2 Kg1
0-1

[Event "Trompovsky 30+3"]
[Site "SchemingMind.com"]
[Date "2006.09.27"]
[Round "-"]
[White "ansts"]
[Black "echecs"]
[Result "0-1"]
[WhiteCountry "PHI"]
[BlackCountry "ENG"]
[WhiteElo "1676"]
[WhiteRD "84"]
[BlackElo "1718"]
[BlackRD "61"]
[GameID "69219"]

1. d4 Nf6 2. Bg5 e6 3. e3 Be7 4. c4 c5 5. Nc3 Qb6 6. d5 Qxb2 7. Nge2 Qb6 8. g3 d6 9. Bg2 Qb4 10. Qd3 h6
11. Bxf6 Bxf6 12. O-O O-O 13. Rfb1 Qa5 14. Rb5 Qc7 15. Rab1 b6 16. dxe6 Bb7 17. Bxb7 Qxb7 18. exf7+ Qxf7 19. Ne4 Be5 20. f4 Bf6
21. N2c3 Nc6 22. Nxd6 Rad8 23. Nd5 Rxd6 24. Rd1 Rfd8 25. a3 Ne7 26. Rb2 Bxb2 27. Qe2 Bxa3 28. e4 Nc6 29. Qf3 Bb2 30. Qg2 Bd4+
31. Kf1 Na5 32. Qe2 Re8 33. e5 Bxe5 34. Qg2 Nxc4 35. Qf3 Bxf4 36. gxf4 Rxd5 37. Rxd5 Ne3+
0-1

[Event "Trompovsky 30+3"]
[Site "SchemingMind.com"]
[Date "2006.09.27"]
[Round "-"]
[White "ansts"]
[Black "Mariazb"]
[Result "0-1"]
[WhiteCountry "PHI"]
[BlackCountry "ARG"]
[WhiteElo "1676"]
[WhiteRD "84"]
[BlackElo "2083"]
[BlackRD "86"]
[GameID "69220"]

1. d4 Nf6 2. Bg5 Ne4 3. Bf4 g5 4. Bd2 Bg7 5. e3 c5 6. Nc3 d5 7. Nf3 Nc6 8. Be2 g4 9. Ne5 Nxe5 10. dxe5 Bxe5
11. Bxg4 Bxg4 12. Qxg4 Nxd2 13. Kxd2 d4 14. exd4 cxd4 15. Ne4 h5 16. Qf5 Qc7 17. Rhd1 Rc8 18. Rac1 Bf4+ 19. Ke1 Bxc1 20. Rxc1 Rh6
21. Ng5 Rf6 22. Qb5+ Qc6 23. Qb4 Qxg2 24. Qb5+ Rcc6 25. f3 d3 26. Qe5 d2+ 27. Kd1 dxc1=Q+
0-1

[Event "Trompovsky 30+3"]
[Site "SchemingMind.com"]
[Date "2006.09.27"]
[Round "-"]
[White "Mekk"]
[Black "ansts"]
[Result "1-0"]
[WhiteCountry "POL"]
[BlackCountry "PHI"]
[WhiteElo "1727"]
[WhiteRD "68"]
[BlackElo "1676"]
[BlackRD "84"]
[GameID "69221"]

1. d4 Nf6 2. Bg5 e6 3. e4 h6 4. Bxf6 Qxf6 5. Nc3 Bb4 6. Qd3 b6 7. e5 Qe7 8. O-O-O Ba6 9. Qg3 Nc6 10. Qxg7 O-O-O
11. Bxa6+ Kb8 12. Qg3 Rhg8 13. Qf3 Qg5+ 14. Kb1 Qxg2 15. Qxg2 Rxg2 16. Ne4 Rdg8 17. Ne2 R8g4 18. N2g3 h5 19. c3 Bf8 20. Nf6 Rf4
21. Nxd7+ Ka8 22. Rd2 Bh6 23. Re2 Rfxf2 24. Rxf2 Rxf2 25. Nxh5 Ne7 26. Nhf6 Nd5 27. Ne8 Bg5 28. c4 Bd8 29. cxd5 exd5 30. Rc1 Rxh2
31. Rxc7 Rh1+ 32. Kc2 Bg5 33. Rc8#
1-0

[Event "Trompovsky 30+3"]
[Site "SchemingMind.com"]
[Date "2006.09.27"]
[Round "-"]
[White "AlbertoAveiro"]
[Black "ansts"]
[Result "0-1"]
[WhiteCountry "POR"]
[BlackCountry "PHI"]
[WhiteElo "1638"]
[WhiteRD "107"]
[BlackElo "1703"]
[BlackRD "95"]
[GameID "69222"]

1. d4 Nf6 2. Bg5 e6 3. Nf3 Be7 4. Nc3 d5 5. e3 h6 6. Bh4 Nbd7 7. Bd3 O-O 8. O-O a6 9. a3 c5 10. dxc5 Bxc5
11. Na2 e5 12. Be2 Qb6 13. b4 Bd6 14. c4 e4 15. Nd4 Be5 16. Rc1 Qc7 17. Bg3 Bxg3 18. fxg3 Qe5 19. cxd5 Nxd5 20. Qb3 N7f6
21. Bc4 Be6 22. Nxe6 fxe6 23. Bxd5 Nxd5 24. Rxf8+ Rxf8 25. Re1 b5 26. Qc2 Qf6 27. Qe2 Nc3 28. Qc2 Nd5 29. Qd2 Rc8 30. Rc1 Rf8
31. Nc3 Nxc3 32. Qxc3 Qf2+ 33. Kh1 Qf1+
0-1

[Event "Trompovsky 30+3"]
[Site "SchemingMind.com"]
[Date "2006.09.27"]
[Round "-"]
[White "echecs"]
[Black "ansts"]
[Result "0-1"]
[WhiteCountry "ENG"]
[BlackCountry "PHI"]
[WhiteElo "1718"]
[WhiteRD "61"]
[BlackElo "1676"]
[BlackRD "84"]
[GameID "69223"]

1. d4 Nf6 2. Bg5 e6 3. e4 Be7 4. Nc3 h6 5. Bf4 a6 6. Nf3 d6 7. Bd3 Nc6 8. O-O b5 9. e5 Nd5 10. Nxd5 Bb7
11. Nxe7 Qxe7 12. exd6 cxd6 13. d5 Nd8 14. c4 bxc4 15. Bxc4 e5 16. Re1 O-O 17. Qd2 Qc7 18. Bxh6 gxh6 19. Qxh6 f6 20. Rac1 Qg7
21. Qe3 Nf7 22. Nh4 Rae8 23. Qe4 Bc8 24. Bd3 Ng5 25. Qb4 Rd8 26. Re3 f5 27. Re2 e4 28. Bb1 Qh6 29. g3 Nh3+
0-1

[Event "Trompovsky 30+3"]
[Site "SchemingMind.com"]
[Date "2006.09.27"]
[Round "-"]
[White "Mariazb"]
[Black "ansts"]
[Result "1-0"]
[WhiteCountry "ARG"]
[BlackCountry "PHI"]
[WhiteElo "2083"]
[WhiteRD "86"]
[BlackElo "1676"]
[BlackRD "84"]
[GameID "69224"]

1. d4 Nf6 2. Bg5 e6 3. e4 Be7 4. Nc3 d6 5. Nf3 Nc6 6. d5 exd5 7. exd5 Ne5 8. Bb5+ c6 9. dxc6 bxc6 10. Nxe5 cxb5
11. Qf3 Bd7 12. Nxd7 Kxd7 13. O-O-O Qc7 14. Rhe1 Rhe8 15. Rxe7+ Rxe7 16. Nxb5 Qb8 17. Nxd6 a5 18. Bxf6 gxf6 19. Nf5+ Ke8 20. Qg4 Re5
21. Qg8#
1-0

[Event "Trompovsky 30+3"]
[Site "SchemingMind.com"]
[Date "2006.10.01"]
[Round "-"]
[White "markjburden"]
[Black "Mekk"]
[Result "0-1"]
[WhiteCountry "GBR"]
[BlackCountry "POL"]
[WhiteElo "1667"]
[WhiteRD "63"]
[BlackElo "1727"]
[BlackRD "68"]
[GameID "69666"]

1. d4 Nf6 2. Bg5 Ne4 3. Bf4 e6 4. f3 Bd6 5. Bxd6 Nxd6 6. e3 f5 7. Bd3 b6 8. c3 Bb7 9. Nd2 O-O 10. Ne2 Nf7
11. Qc2 d6 12. O-O-O Nd7 13. Rhg1 c5 14. c4 a5 15. g4 Qf6 16. Rdf1 e5 17. Bxf5 Rfd8 18. Bxh7+ Kf8 19. Bg6 cxd4 20. exd4 exd4
21. Nxd4 Qxd4 22. Bxf7 Kxf7 23. Qf5+ Qf6 24. Qh5+ Kg8 25. g5 Qf5 26. Qg4 Qxg4 27. Rxg4 Rac8 28. b3 Ne5 29. Rd4 d5 30. Re1 Nf7
31. f4 dxc4 32. Rxd8+ Nxd8 33. bxc4 b5 34. f5 bxc4 35. g6 Kf8 36. h4 Nc6 37. Kb1 Nb4 38. a3 Nd3 39. Re3 Ba6 40. a4 c3
41. Nb3 c2+
0-1

[Event "Trompovsky 30+3"]
[Site "SchemingMind.com"]
[Date "2006.10.01"]
[Round "-"]
[White "markjburden"]
[Black "AlbertoAveiro"]
[Result "1-0"]
[WhiteCountry "GBR"]
[BlackCountry "POR"]
[WhiteElo "1669"]
[WhiteRD "62"]
[BlackElo "1603"]
[BlackRD "102"]
[GameID "69667"]

1. d4 Nf6 2. Bg5 Ne4 3. Bf4 d5 4. f3 Nf6 5. e3 e6 6. Bd3 Be7 7. Ne2 O-O 8. c3 Nc6 9. Nd2 Bd6 10. Bg5 Be7
11. Bh4 a6 12. Qc2 g6 13. O-O-O b5 14. g4 b4 15. Bg3 Bd6 16. Rdg1 a5 17. h4 bxc3 18. Nxc3 Bxg3 19. Rxg3 Nb4 20. Qb1 Nxd3+
21. Qxd3 Ba6 22. Qc2 Ne8 23. g5 Ng7 24. Rgh3 Nh5 25. Na4 Qe7 26. Nb3 Bc4 27. Kb1 Rfb8 28. Nbc5 Bb5 29. f4 Bxa4 30. Qxa4 Rb4
31. Qd7 Qxd7 32. Nxd7 Kg7 33. Ne5 Rb5 34. Rc1 Rc8 35. Nc6 Ra8 36. Ne5 Rab8 37. Rh2 R8b7 38. Rhc2 a4 39. a3 Rb3 40. Re1 Rxa3
41. Rxc7 Rxc7 42. bxa3 Rc3 43. Kb2 Rb3+ 44. Ka2 Ng3 45. Nd7 Nf5 46. Nc5 Rxe3 47. Rxe3 Nxe3 48. Nxa4 Nf5 49. Nc3 Nxd4 50. a4 Nc6
51. Ka3 f6 52. Kb3 fxg5 53. hxg5 Kf7 54. Nb5 Ke7 55. Kc3 Kd7 56. Kd3 Ke7 57. Kc3 Kd7 58. Kb3 Ne7 59. Kb4 Nc6+ 60. Kc5 Nb8
61. a5 Nc6 62. a6 d4 63. Nxd4 Nxd4 64. a7
1-0

[Event "Trompovsky 30+3"]
[Site "SchemingMind.com"]
[Date "2006.10.01"]
[Round "-"]
[White "markjburden"]
[Black "echecs"]
[Result "1-0"]
[WhiteCountry "GBR"]
[BlackCountry "ENG"]
[WhiteElo "1667"]
[WhiteRD "63"]
[BlackElo "1718"]
[BlackRD "61"]
[GameID "69668"]

1. d4 Nf6 2. Bg5 e6 3. f3 Be7 4. e3 c6 5. Bh4 Nd5 6. Bf2 b5 7. Bd3 Bg5 8. f4 Be7 9. Nf3 Ba6 10. Qe2 O-O
11. c3 Qb6 12. b4 Bb7 13. O-O a5 14. bxa5 Qxa5 15. Qc2 Na6 16. Bxh7+ Kh8 17. Be4 Nac7 18. Ne5 d6 19. Nf3 Ba6 20. Re1 Bb7
21. g4 Nf6 22. Bh4 Rfe8 23. h3 d5 24. Bd3 b4 25. c4 dxc4 26. Bxc4 Nfd5 27. Bf2 Nb5 28. Ne5 Rec8 29. Qe4 Ba6 30. Bd3 Nf6
31. Nxf7+ Kg8 32. Qxe6 Kf8 33. Ne5 Nd6 34. Ng6+
1-0

[Event "Trompovsky 30+3"]
[Site "SchemingMind.com"]
[Date "2006.10.01"]
[Round "-"]
[White "markjburden"]
[Black "ansts"]
[Result "1-0"]
[WhiteCountry "GBR"]
[BlackCountry "PHI"]
[WhiteElo "1667"]
[WhiteRD "63"]
[BlackElo "1676"]
[BlackRD "84"]
[GameID "69669"]

1. d4 Nf6 2. Bg5 e6 3. f3 Be7 4. e3 h6 5. Bh4 Nc6 6. Bb5 d6 7. Ne2 Bd7 8. c3 O-O 9. Bd3 a6 10. Nd2 e5
11. Qc2 Nd5 12. Bf2 Bg5 13. Nf1 h5 14. h4 Bh6 15. O-O-O exd4 16. Nxd4 Qe7 17. Re1 a5 18. Kb1 Rfe8 19. e4 Nf4 20. g3 Nxd3
21. Qxd3 Ne5 22. Qd1 c5 23. Nf5 Bxf5 24. exf5 Qf6 25. g4 hxg4 26. fxg4 Rad8 27. Ng3 Bf4 28. g5 Qe7 29. Nh5 Bxg5 30. hxg5 Qxg5
31. Nxg7 Kxg7 32. Rhg1 Ng4 33. Rxg4 Rxe1 34. Rxg5+ Kf6 35. Bxe1
1-0

[Event "Trompovsky 30+3"]
[Site "SchemingMind.com"]
[Date "2006.10.01"]
[Round "-"]
[White "markjburden"]
[Black "Mariazb"]
[Result "0-1"]
[WhiteCountry "GBR"]
[BlackCountry "ARG"]
[WhiteElo "1667"]
[WhiteRD "63"]
[BlackElo "2083"]
[BlackRD "86"]
[GameID "69670"]

1. d4 Nf6 2. Bg5 d5 3. f3 c5 4. e3 h6 5. Bh4 Nc6 6. c3 Qb6 7. Qc2 cxd4 8. exd4 Bf5 9. Qd2 e6 10. Bxf6 gxf6
11. Ne2 e5 12. g4 Bd7 13. Bg2 O-O-O 14. b4 h5 15. h3 Bh6 16. Qc2 exd4 17. a4 Kb8 18. Na3 dxc3 19. Qxc3 Nxb4 20. Nb5 a5
21. Rd1 Rc8
0-1

[Event "Trompovsky 30+3"]
[Site "SchemingMind.com"]
[Date "2006.10.01"]
[Round "-"]
[White "Mekk"]
[Black "markjburden"]
[Result "0-1"]
[WhiteCountry "POL"]
[BlackCountry "GBR"]
[WhiteElo "1727"]
[WhiteRD "68"]
[BlackElo "1667"]
[BlackRD "63"]
[GameID "69671"]

1. d4 Nf6 2. Bg5 d5 3. Bxf6 exf6 4. e3 Bd6 5. c4 dxc4 6. Bxc4 Nc6 7. Nc3 O-O 8. a3 Bf5 9. Nge2 Re8 10. Ng3 Bg6
11. Qf3 Nxd4 12. Qxb7 Nc2+ 13. Ke2 Nxa1 14. Rxa1 Rb8 15. Qxa7 Rxb2+ 16. Kf1 Rc2 17. Nge2 Be5 18. Qa5 Bxc3 19. Nxc3 Qd2 20. Be2 Bd3
0-1

[Event "Trompovsky 30+3"]
[Site "SchemingMind.com"]
[Date "2006.10.01"]
[Round "-"]
[White "AlbertoAveiro"]
[Black "markjburden"]
[Result "0-1"]
[WhiteCountry "POR"]
[BlackCountry "GBR"]
[WhiteElo "1638"]
[WhiteRD "107"]
[BlackElo "1732"]
[BlackRD "59"]
[GameID "69672"]

1. d4 Nf6 2. Bg5 Ne4 3. Bh4 d5 4. f3 g5 5. fxe4 gxh4 6. Nc3 e6 7. e5 Nc6 8. e3 Bd7 9. Nf3 Bh6 10. Qe2 Qe7
11. O-O-O a6 12. Kb1 O-O-O 13. Qf2 Bg5 14. Nxg5 Qxg5 15. Bd3 Rdf8 16. Rhf1 h5 17. Qd2 f6 18. exf6 Rxf6 19. Rxf6 Qxf6 20. Rf1 Qg5
21. h3 Nxd4 22. Rf2 Nc6 23. a3 Nd8 24. Ne2 Nc6 25. Nf4 Ne7 26. Be2 Nf5 27. Bd3 Ng3 28. Ne2 e5 29. Nxg3 hxg3 30. Re2 e4
31. Bxa6 bxa6 32. Qc3 Rf8 33. Qd2 Be6 34. Qa5 Rf1+ 35. Re1 Rxe1+ 36. Qxe1 Kd8 37. Qc3 Qf5 38. Qh8+ Kd7 39. Qg7+ Kc6 40. Qxg3 Qf1+
41. Ka2 d4+ 42. b3 Qe2
0-1

[Event "Trompovsky 30+3"]
[Site "SchemingMind.com"]
[Date "2006.10.01"]
[Round "-"]
[White "echecs"]
[Black "markjburden"]
[Result "1-0"]
[WhiteCountry "ENG"]
[BlackCountry "GBR"]
[WhiteElo "1718"]
[WhiteRD "61"]
[BlackElo "1667"]
[BlackRD "63"]
[GameID "69673"]

1. d4 Nf6 2. Bg5 b6 3. Nc3 d5 4. Nf3 c6 5. g3 h6 6. Bd2 Bf5 7. Bg2 Nbd7 8. O-O g5 9. Re1 Bg7 10. b4 O-O
11. b5 c5 12. dxc5 Nxc5 13. a4 e5 14. Nxe5 Nfe4 15. Nc6 Qd6 16. Ra3 Rfe8 17. Nxe4 Nxe4 18. Bb4 Qe6 19. Re3 Qg6 20. Qxd5 Nc5
21. Ne7+ Rxe7 22. Qxa8+
1-0

[Event "Trompovsky 30+3"]
[Site "SchemingMind.com"]
[Date "2006.10.01"]
[Round "-"]
[White "ansts"]
[Black "markjburden"]
[Result "1-0"]
[WhiteCountry "PHI"]
[BlackCountry "GBR"]
[WhiteElo "1676"]
[WhiteRD "84"]
[BlackElo "1667"]
[BlackRD "63"]
[GameID "69674"]

1. d4 Nf6 2. Bg5 h6 3. Bf4 g5 4. Bg3 Bg7 5. c4 O-O 6. e3 d6 7. h3 Bf5 8. Nc3 c6 9. Nf3 Nbd7 10. Bd3 Be6
11. e4 Nb6 12. d5 cxd5 13. exd5 Bd7 14. O-O a6 15. a4 Rc8 16. Qe2 Na8 17. Rfe1 Re8 18. Nd4 Nc7 19. Ne4 e5 20. Nxd6 exd4
21. Nxe8 Ncxe8 22. Be5 g4 23. Bxd4 gxh3 24. gxh3 Bxh3 25. Qf3 Qd7 26. Re5 Qg4+ 27. Qxg4 Nxg4 28. Rh5 Bxd4 29. Rxh3 Bxf2+ 30. Kg2 Nef6
31. Rf1 Bd4 32. b3 Kg7 33. Rg3 h5 34. Bf5 Kh6 35. Rh1 Kg5 36. Bxc8
1-0

[Event "Trompovsky 30+3"]
[Site "SchemingMind.com"]
[Date "2006.10.01"]
[Round "-"]
[White "Mariazb"]
[Black "markjburden"]
[Result "1-0"]
[WhiteCountry "ARG"]
[BlackCountry "GBR"]
[WhiteElo "2083"]
[WhiteRD "86"]
[BlackElo "1667"]
[BlackRD "63"]
[GameID "69675"]

1. d4 Nf6 2. Bg5 Ne4 3. Bf4 g5 4. Be5 f6 5. e3 h5 6. Bd3 d5 7. f3 fxe5 8. fxe4 dxe4 9. Bxe4 Qd6 10. Nf3 exd4
11. exd4 Bg4 12. O-O Nc6 13. c3 O-O-O 14. Na3 a6 15. Nc4 Qd7 16. Qb3 Bxf3 17. Rxf3 e6 18. d5 Ne7 19. dxe6 Qb5 20. Ne5 Qxb3
21. axb3 Rg8 22. Nd7 Bh6 23. Rf7 Rg7 24. Raf1 Rxf7 25. Rxf7 Re8 26. Nf6 Rd8 27. Rxe7 g4 28. Rf7 c6 29. e7
1-0

[Event "Trompovsky 30+3"]
[Site "SchemingMind.com"]
[Date "2006.10.04"]
[Round "-"]
[White "Valiantangel"]
[Black "Mekk"]
[Result "0-1"]
[WhiteCountry "SGP"]
[BlackCountry "POL"]
[WhiteElo "1460"]
[WhiteRD "61"]
[BlackElo "1842"]
[BlackRD "66"]
[GameID "70033"]

1. d4 Nf6 2. Bg5 Ne4 3. Bf4 e6 4. Nd2 Bd6 5. Bxd6 Nxd6 6. e4 f5 7. e5 Nf7 8. Bd3 b6 9. Qe2 Bb7 10. Ngf3 Nc6
11. O-O-O Qe7 12. Kb1 g5 13. c3 O-O-O 14. Ba6 g4 15. Ne1 h5 16. Bxb7+ Kxb7 17. h3 Rdg8 18. hxg4 hxg4 19. Nd3 Qg5 20. g3 Rh6
21. Rxh6 Qxh6 22. Nf1 Rh8 23. Ne3 Qf8 24. Rg1 Rh6 25. Kc2 Qh8 26. Ng2 Ng5 27. Nde1 a6 28. Nh4 Ne7 29. Qe3 Nh3 30. Rf1 Ng6
31. Neg2 Nxh4 32. Nxh4 c6 33. c4 Qh7 34. Kc3 f4 35. Qd3 Ng5
0-1